000 00355 a2200109 4500
001 ART_43938
005 20260410162026.0
008 260409a
245 1 0 _aRecent biographies of Keynes. The great disorder
100 1 _aKindleberger, Charles P.
773 0 _tJournal of economic literature
_g- Vol. XXXII, NÂș 3 (sep. 1994)
_wREV43676
999 _c33582
_d33582